| 000 | 00703nam a22001815i 4500 | ||
|---|---|---|---|
| 001 | 164953 | ||
| 003 | ES-MaACL | ||
| 005 | 20250628063340.0 | ||
| 008 | 050810s1813 fr | |||||||| ||fre d | ||
| 040 |
_aCAM _bspa _cCAM |
||
| 100 | 1 |
_aSchoell, Friedrich, _d1766-1833 _9132565 |
|
| 245 | 1 | 0 |
_aHistoire abrégée de la littérature grecque depuis son origine jusqu'a la prise de Constantinople par les turcs / _cpar F. Schoell. |
| 260 |
_aParis : _bF. Schoell libraire, _c1813 ( _fImprimerie de Smith) |
||
| 300 |
_a2 v. (XXXII, 377; 468 p.) ; _c21 cm. |
||
| 650 | 0 | 4 |
_aLiteratura griega- _xHistoria y crítica. _914599 |
| 852 |
_aES-MaACL _jB-1397-98 _z-- Enc. hol. |
||
| 999 |
_c164953 _d164953 |
||